Into the dark : (Record no. 218057)

MARC details
000 -LEADER
fixed length control field 00733nam a2200241Ib 4500
003 - CONTROL NUMBER IDENTIFIER
control field 3228
005 - DATE AND TIME OF LATEST TRANSACTION
control field 20260421150333.0
008 - FIXED-LENGTH DATA ELEMENTS--GENERAL INFORMATION
fixed length control field 210817s9999 xx j 000 1 eng d
020 ## - INTERNATIONAL STANDARD BOOK NUMBER
International Standard Book Number 9780060737108 (paperback)
040 ## - CATALOGING SOURCE
Original cataloging agency MPL
Language of cataloging eng
Transcribing agency 3228
Description conventions Resource Description and Access
041 ## - LANGUAGE CODE
Language code of text/sound track or separate title English
082 ## - DEWEY DECIMAL CLASSIFICATION NUMBER
Classification number ETF ABRA
100 ## - MAIN ENTRY--PERSONAL NAME
Personal name Abrahams, Peter
9 (RLIN) 53771
Dates associated with a name 1947-
Relator term author
245 #0 - TITLE STATEMENT
Title Into the dark :
Remainder of title an Echo Falls mystery /
Statement of responsibility, etc. Peter Abrahams
260 ## - PUBLICATION, DISTRIBUTION, ETC.
Place of publication, distribution, etc. New York :
Name of publisher, distributor, etc. Harper Trophy ,
Date of publication, distribution, etc. ©2008,
-- 2009.
300 ## - PHYSICAL DESCRIPTION
Extent 328, 17 pages ;
Dimensions 18 cm
490 ## - SERIES STATEMENT
Series statement Echo Falls Mysteries
655 #0 - INDEX TERM--GENRE/FORM
9 (RLIN) 188476
Genre/form data or focus term Youth Fiction
655 #0 - INDEX TERM--GENRE/FORM
9 (RLIN) 131476
Genre/form data or focus term Mystery fiction
655 #0 - INDEX TERM--GENRE/FORM
9 (RLIN) 189716
Genre/form data or focus term Murder Fiction
655 #0 - INDEX TERM--GENRE/FORM
9 (RLIN) 188653
Genre/form data or focus term Suspence Fiction
942 ## - ADDED ENTRY ELEMENTS
item type Books
Source of classification or shelving scheme Dewey Decimal Classification
-- 296
-- Phillipina Naude
Holdings
Withdrawn status Lost status Damaged status Not for loan Home library Current library Date acquired Cost, normal purchase price Total Checkouts Barcode Date last seen Date last checked out Price effective from item type Source of classification or shelving scheme Collection code Shelving location Full call number Public note
        Klipfontein PL (MMID-PLEM-KLIP) Klipfontein PL (MMID-PLEM-KLIP) 21.04.2026     33228022449910 21.04.2026   21.04.2026 Books Dewey Decimal Classification Fiction Children's Area ETF ABRA 156417
        Thistle Grove Thistle Grove 18.08.2021 138.65 1 33228022250532 09.07.2024 14.06.2024 18.08.2021 Books